Mard e Aahan: (Record no. 593749)

000 -LEADER
fixed length control field 00454nam a22001337a 4500
020 ## - INTERNATIONAL STANDARD BOOK NUMBER
International Standard Book Number 978-969-652-090-0
040 ## - CATALOGING SOURCE
Transcribing agency NUST
082 ## - DEWEY DECIMAL CLASSIFICATION NUMBER
Classification number 891.4393,BUT
245 ## - TITLE STATEMENT
Title Mard e Aahan:
Remainder of title Rusi sadar putin ki khaiz sawaneh / مرد آہن روسی صدر کی سنسنی خیز سوانخ (Urdu) /
Statement of responsibility, etc. Translator Dr. Najam Us Sahar Butt
260 ## - PUBLICATION, DISTRIBUTION, ETC.
Place of publication, distribution, etc. Lahore
Name of publisher, distributor, etc. Jumhoori Pub
Date of publication, distribution, etc. 2017
300 ## - PHYSICAL DESCRIPTION
Extent 205 p.;
650 ## - SUBJECT ADDED ENTRY--TOPICAL TERM
Topical term or geographic name entry element Urdu Literature
942 ## - ADDED ENTRY ELEMENTS (KOHA)
Source of classification or shelving scheme
Koha item type Book
Call number prefix 891.4393,BUT
Holdings
Withdrawn status Lost status Source of classification or shelving scheme Damaged status Not for loan Permanent Location Current Location Shelving location Date acquired Total Checkouts Full call number Barcode Date last seen Price effective from Koha item type Public note
          Military College of Signals (MCS) Military College of Signals (MCS) General Stacks 03/15/2023   891.4393,BUT MCS38241 03/15/2023 03/15/2023 Book Almirah No.66, Shelf No.3
© 2023 Central Library, National University of Sciences and Technology. All Rights Reserved.